000 004270000a22001570004500
003 LK-CoMWRAF
008 230817t ||||| |||| 00| 0 eng d
040 _aLK-CoMWRAF
_dLK-CoMWRAF
_eLK-CoMWRAF
041 _aeng
082 _a300
_bWOM
245 _aWomen, Struggles and Strategies
_bThird world perspectives
260 _aSantiago
_bIsis International
_c1986
300 _ap.113
650 _awomen & development
942 _cBK
999 _c2452
_d2452